Statystyki dla Największe miasta Europy, które nie są stolicami.

Kliknij tutaj aby rozwiązać quiz!

Ogólne statystyki

  • Ten quiz został rozwiązany 463 razy
  • Średni wynik to 29 z 70

Statystyki odpowiedzi

Liczba LudnościPaństwoMiasto% Poprawnych
1 620 809HiszpaniaBarcelona
96%
5 323 300RosjaPetersburg
92%
15 067 724TurcjaStambuł
92%
1 552 762NiemcyMonachium
91%
1 834 823NiemcyHamburg
89%
774 839PolskaKraków
88%
1 359 905WłochyMediolan
87%
1 451 028UkrainaCharków
83%
466 631PolskaGdańsk
79%
682 679PolskaŁódź
78%
724 713UkrainaLwów
78%
641 607PolskaWrocław
78%
535 802PolskaPoznań
76%
545 501Wielka BrytaniaManchester
74%
963 601WłochyNeapol
72%
883 281WłochyTuryn
65%
953 217UkrainaDonieck
64%
1 080 394NiemcyKolonia
64%
855 393FrancjaMarsylia
63%
1 137 100Wielka BrytaniaBirmingham
60%
586 600NiemcyDortmund
59%
1 014 255UkrainaOdessa
58%
693 878HiszpaniaSewilla
56%
644 327HolandiaRotterdam
55%
790 201HiszpaniaWalencja
53%
593 060Wielka BrytaniaGlasgow
52%
1 136 566RosjaKazań
48%
524 882HolandiaHaga
46%
560 672NiemcyLipsk
45%
657 936WłochyPalermo
44%
543 825NiemcyDrezno
41%
979 617RosjaWołgograd
40%
507 170Wielka BrytaniaEdynburg
39%
510 610BelgiaAntwerpia
38%
546 451NiemcyBrema
37%
632 743NiemcyStuttgart
36%
747 848NiemcyFrankfurt nad Menem
35%
528 273SzwecjaGoteborg
35%
784 800Wielka BrytaniaLeeds
34%
619 294NiemcyDusseldorf
32%
572 947HiszpaniaMalaga
32%
1 115 000RosjaRostów nad Donem
31%
595 025WłochyGenua
30%
1 172 348RosjaSamara
30%
1 263 873RosjaNiżny Nowogród
29%
1 030 812RosjaUfa
29%
501 072NiemcyNorymberga
28%
574 655NiemcyEssen
25%
523 642NiemcyHanower
25%
1 051 583RosjaPerm
25%
761 606UkrainaZaporoże
25%
809 000RosjaKrasnodar
22%
535 229BiałoruśHomel
21%
661 108HiszpaniaSaragossa
21%
1 023 957RosjaWoroneż
17%
652 854UkrainaKrzywy Róg
16%
582 506Wielka BrytaniaSheffield
15%
486 816NiemcyDuisburg
11%
485 064UkrainaMikołajów
11%
843 460RosjaSaratów
10%
501 000RosjaTuła
10%
608 722RosjaJarosław
9%
1 000 700UkrainaDniepropetrowsk
8%
501 300RosjaAstrachań
6%
611 043RosjaIżewsk
6%
721 752RosjaTogliatti
5%
502 600RosjaLipieck
2%
509 900RosjaPenza
2%
603 782RosjaUljanowsk
2%
522 048RosjaNabierieżnyje Czełny
0%

Rozkład punktacji

Percentyl według liczby udzielonych odpowiedzi

Procent ludzi z każdym wynikiem

Twoja historia wyników

Nie rozwiązałeś tego quizu